Statistiques concernant Culture Générale - Série 1463

Cliquez ici pour prendre le quiz!

Statistiques générales

  • Ce quiz a été pris 61 fois
  • Le résultat moyen est 7 sur 10

Statistiques - réponses

QuestionRéponse% Correct
Quelle ancienne unité de mesure de masse, équivalant à 100 kg, a pour symbole la lettre "q" ?quintal
95%
En France, quel signe, attribué dans une échelle de 1 à 5, sert à qualifier le niveau de confort d'un hôtel ?étoile
93%
Dans la situation où les gens peu courageux fuient le danger, on emploie l'expression : "les rats quittent...le navire
91%
A quel roi de la pop est consacré le documentaire de Kenny Ortega, "This Is It" ?Michael Jackson
89%
Quel appareil est dit "doré", quand il désigne l'importante indemnité de départ, versée à un dirigeant d'entreprise ?parachute
84%
À qui doit-on le cycle romanesque des Rougon-Macquart ?Émile Zola
79%
Dans la série télé "La Petite Maison dans la prairie", quel métier exerce Laura Ingalls ?Institutrice
65%
Quelle équipe nationale de football a remporté l'Euro en 1984 ?France
63%
Pour quel instrument Jean-Sébastien Bach composa-t-il la "Toccata et fugue en "ré" mineur" ?orgue
44%
Dans la saga cinématographique "Toy Story", quel est le prénom du tyrannosaure ?Rex
42%

Distribution des résultats

Percentile par nombre de réponses

% des personnes avec chaque résultat

Votre développement - résultats

Vous n’avez pas pris ce quiz